00991nam a2200241 a 45000010005000000030005000050050017000100080041000270400020000682450031000882600036001193000011001555000222001666500042003886500047004307000028004777000026005057100039005317100058005709420013006289990015006419520093006565622CDMR20131121141403.0130130s1965||||||||||||||||||||||||||||d aCDMRbcatcCDMR 4aThe practice of journalism aLondonc1965bWilliam Heinemann a351 p. aContribuidors: David Cole, Maurice Fagence, Harold Evans, Dr Syntax, Leonard C.J. McNAE, E.A.Harwood, L.J. DICKER, Norman K. Moran, Ronald C. Stevens, Allen Hutt, Alan Lloyd, John Broxholme, Ray Colley, Peter Williams0494374aPeriodismexManuals, guies, etc0493782aPeriodistesxPràctica professional1 94272aGeorge Vinereed.1 94271aJohn Dodgeeed.2 94270aNational Union of Journalist2 94269aNational Council fot the Training of Journalist cMON2udc c5622d5622 00104070aCDMRbCDMRd2013-11-06l0oDa 1/3pCDMR13119414r2013-11-06w2013-11-06yMON